I am M alala (Record no. 3525)

MARC details
000 -LEADER
fixed length control field 00461nam a22001457a 4500
008 - FIXED-LENGTH DATA ELEMENTS--GENERAL INFORMATION
fixed length control field 250515b |||||||| |||| 00| 0 eng d
020 ## - INTERNATIONAL STANDARD BOOK NUMBER
ISBN 9781780622163
100 ## - MAIN ENTRY--AUTHOR
Author Yousafzal, Malala
245 ## - TITLE STATEMENT
Title I am M alala
Remainder of title How one girl stood up for education and changes the world
260 ## - PUBLICATION, DISTRIBUTION, ETC. (IMPRINT)
Place of publication London
Name of publisher Hodder and Stoughton
Date of publication 2014
300 ## - COLLATION
Pagination 262p.
Other physical details ill.
650 ## - TRACINGS
Main Subject Yousafzai, Malala 1997
Subdivision (1st) Young Women - Education - Pakistan
942 ## - ADDED ENTRY ELEMENTS (KOHA)
Item type Books
050 ## - LIBRARY OF CONGRESS CALL NUMBER
Classification number LC2330
Item number .Y68
Holdings
Source of classification or shelving scheme Not for loan Permanent location Current location Date acquired Accession No. Full call number Barcode. Koha item type
Library of Congress Classification   Samuel Ogbemudia Main Library, University of Abuja Samuel Ogbemudia Main Library, University of Abuja 05/15/2025 2024/63904 LC2330.Y68 2025-1998 Books